[Event "DVM 2008 U20"]
[Site "Arendsee"]
[Date "2008.12.27"]
[Round "1.2"]
[White "Savchenko, Aleksij"]
[Black "Schneider, Christian"]
[Result "1-0"]
[WhiteElo "2203"]
[BlackElo "2088"]
[PlyCount "61"]
[EventDate "2008.??.??"]
[WhiteTeam "Schachgemeinschaft Porz e.V."]
[BlackTeam "SG Blau-Weiß Stadtilm"]

1. d4 d5 2. c4 e6 3. Nc3 Nf6 4. cxd5 exd5 5. Bg5 Be7 6. e3 c6 7. Bd3 Nbd7 8.
Qc2 O-O 9. Nge2 Re8 10. O-O Nf8 11. f3 Be6 12. Rad1 Ng6 13. Qd2 Qc7 14. e4 dxe4
15. fxe4 Rad8 16. Bxf6 Bxf6 17. Rxf6 gxf6 18. Rf1 Bg4 19. Rxf6 Qe7 20. Rf2 Bxe2
21. Nxe2 Qh4 22. Qe3 h6 23. Qf3 Rd7 24. Bc4 Qxe4 25. Bxf7+ Kh7 26. Bxe8 Qxe8
27. Qd3 Qe6 28. Nf4 Qd6 29. h4 Kg7 30. Nh5+ Kh7 31. Rf6 1-0

[Event "DVM 2008 U20"]
[Site "Arendsee"]
[Date "2008.12.27"]
[Round "1.3"]
[White "Wolff, Christoph"]
[Black "Kuznetsov, Mark"]
[Result "1-0"]
[WhiteElo "1718"]
[BlackElo "2022"]
[PlyCount "71"]
[EventDate "2008.??.??"]
[WhiteTeam "SG Blau-Weiß Stadtilm"]
[BlackTeam "Schachgemeinschaft Porz e.V."]

1. e4 e5 2. Nf3 Nf6 3. Nc3 Nc6 4. d4 exd4 5. Nxd4 d6 6. Bb5 Bd7 7. O-O a6 8.
Nxc6 bxc6 9. Bc4 Be7 10. Bf4 O-O 11. Re1 Bg4 12. f3 Be6 13. Bxe6 fxe6 14. e5
Nd5 15. Bd2 Rf5 16. exd6 Bxd6 17. Ne4 Rh5 18. g3 Rb8 19. c4 Nf6 20. Nxd6 Qxd6
21. Bc3 e5 22. Qxd6 cxd6 23. Rad1 Ne8 24. c5 d5 25. Bxe5 Rb5 26. g4 Rh6 27. Bf4
Rf6 28. Rxe8+ Kf7 29. Rde1 Rxf4 30. Kg2 Rxc5 31. Kg3 Rf6 32. R1e7+ Kg6 33. h4
h6 34. h5+ Kh7 35. Ra7 d4 36. Raa8 1-0

[Event "DVM 2008 U20"]
[Site "Arendsee"]
[Date "2008.12.27"]
[Round "1.4"]
[White "Senay, Baris"]
[Black "Berner, Stephan"]
[Result "1-0"]
[WhiteElo "1865"]
[BlackElo "1867"]
[PlyCount "67"]
[EventDate "2008.??.??"]
[WhiteTeam "Schachgemeinschaft Porz e.V."]
[BlackTeam "SG Blau-Weiß Stadtilm"]

1. Nf3 Nf6 2. g3 d5 3. Bg2 c5 4. O-O Nc6 5. d4 e6 6. b3 Be7 7. Bb2 O-O 8. e3 b6
9. Nbd2 Ba6 10. Re1 Rc8 11. e4 dxe4 12. Nxe4 Nxe4 13. Rxe4 Bf6 14. c3 cxd4 15.
cxd4 Re8 16. Qd2 Ne7 17. Ree1 Nd5 18. Rac1 Qe7 19. a3 Rxc1 20. Rxc1 Rc8 21. Ne5
Qd6 22. Be4 Ne7 23. Rxc8+ Bxc8 24. Ng4 Nd5 25. Bxh7+ Kxh7 26. Nxf6+ Nxf6 27.
Qc2+ g6 28. Qxc8 Qd5 29. Qf8 Qd7 30. d5 Qxd5 31. Qxf7+ Kh6 32. Qxf6 Qd1+ 33.
Kg2 Qd5+ 34. Qf3 1-0

[Event "DVM 2008 U20"]
[Site "Arendsee"]
[Date "2008.12.27"]
[Round "1.5"]
[White "Hoffmann, Lena"]
[Black "Gadschisade, Machmud"]
[Result "0-1"]
[WhiteElo "1635"]
[BlackElo "1891"]
[PlyCount "54"]
[EventDate "2008.??.??"]
[WhiteTeam "SG Blau-Weiß Stadtilm"]
[BlackTeam "Schachgemeinschaft Porz e.V."]

1. e4 g6 2. d4 Bg7 3. Nf3 d6 4. Be3 Nf6 5. Bd3 O-O 6. h3 Nc6 7. c3 e5 8. Qd2
Re8 9. d5 Ne7 10. O-O Nd7 11. Bh6 Bh8 12. Bc2 Nb6 13. Ng5 f5 14. f4 fxe4 15.
Bxe4 Nf5 16. Bxf5 gxf5 17. g4 Qf6 18. fxe5 Qxh6 19. e6 fxg4 20. Qf2 Bf6 21.
Qxf6 Qxf6 22. Rxf6 Nxd5 23. Rf7 Rxe6 24. Rxh7 Rg6 25. Rh5 gxh3 26. Kh2 Nf4 27.
Rh4 Ng2 0-1

[Event "DVM 2008 U20"]
[Site "Arendsee"]
[Date "2008.12.27"]
[Round "1.6"]
[White "Kanevski, Vladyslav"]
[Black "Kinzel, Tiffany"]
[Result "0-1"]
[WhiteElo "1798"]
[BlackElo "1684"]
[PlyCount "130"]
[EventDate "2008.??.??"]
[WhiteTeam "Schachgemeinschaft Porz e.V."]
[BlackTeam "SG Blau-Weiß Stadtilm"]

1. d4 d5 2. Nf3 Nf6 3. Bf4 e6 4. e3 Be7 5. h3 Nbd7 6. Bd3 b6 7. Nbd2 Bb7 8. c3
c5 9. O-O O-O 10. Qe2 Re8 11. Rfe1 Ne4 12. Ne5 Nxe5 13. Bxe5 Nf6 14. Rad1 Nd7
15. Bf4 Bf6 16. Nf3 Qc8 17. Ne5 Nxe5 18. dxe5 Be7 19. e4 c4 20. Bb1 dxe4 21.
Bxe4 Bxe4 22. Qxe4 Qa6 23. Rd7 Bc5 24. a3 Rad8 25. Red1 Rxd7 26. Rxd7 Qb5 27.
Rd2 h6 28. Bg3 Be7 29. Qb7 Bg5 30. f4 Be7 31. Qxa7 Bc5+ 32. Kh2 Re7 33. Qa8+
Kh7 34. Qe4+ g6 35. Bh4 Rd7 36. Qe2 Qc6 37. Bf6 b5 38. Qd1 Rxd2 39. Qxd2 Qe4
40. Kh1 Be3 41. Qd1 Bxf4 42. Qf1 Bg3 43. Bh4 Qf4 44. Qxf4 Bxf4 45. Bf2 Bxe5 46.
Be3 Bf6 47. Kg1 Bg5 48. Kf2 Bxe3+ 49. Kxe3 e5 50. Ke4 f6 51. Kd5 Kg7 52. Kc5 e4
53. Kxb5 e3 54. Kxc4 e2 55. b4 e1=Q 56. a4 Qe4+ 57. Kb3 Qxg2 58. a5 Qxh3 59. b5
Kf7 60. a6 Qc8 61. Kb4 Qc7 62. c4 Ke7 63. c5 Qa7 64. Kc4 Kd7 65. Kd5 Qa8+ 0-1

[Event "DVM 2008 U20"]
[Site "Arendsee"]
[Date "2008.12.27"]
[Round "1.1"]
[White "Armbrust, Florian"]
[Black "Luo, Xinping"]
[Result "1/2-1/2"]
[WhiteElo "2311"]
[BlackElo "1920"]
[PlyCount "48"]
[EventDate "2008.??.??"]
[WhiteTeam "TSV Schott Mainz"]
[BlackTeam "Heilbronner SV"]

1. e4 c6 2. d4 d5 3. exd5 cxd5 4. c4 Nf6 5. Nc3 e6 6. Nf3 Be7 7. cxd5 Nxd5 8.
Bd3 Nc6 9. a3 O-O 10. h4 b6 11. Qe2 Bb7 12. Bg5 Qd7 13. Bxe7 Ncxe7 14. Nxd5
Qxd5 15. Ng5 h6 16. Bh7+ Kh8 17. Be4 Qd7 18. Qd3 Bxe4 19. Qxe4 f5 20. Qxe6 Qxd4
21. Nf7+ Kg8 22. Ng5+ Kh8 23. Nf7+ Kg8 24. Ng5+ Kh8 1/2-1/2

[Event "DVM 2008 U20"]
[Site "Arendsee"]
[Date "2008.12.27"]
[Round "1.2"]
[White "Geshnizjani, Ramin Tobias"]
[Black "Dann, Matthias"]
[Result "0-1"]
[WhiteElo "2041"]
[BlackElo "2259"]
[PlyCount "66"]
[EventDate "2008.??.??"]
[WhiteTeam "Heilbronner SV"]
[BlackTeam "TSV Schott Mainz"]

1. e4 c5 2. Nf3 d6 3. Bb5+ Bd7 4. Bxd7+ Qxd7 5. c4 Nc6 6. O-O g6 7. d4 cxd4 8.
Nxd4 Bg7 9. Be3 Nf6 10. f3 O-O 11. Nc3 Ne8 12. Rc1 Nc7 13. f4 Rad8 14. b3 Ne6
15. Nde2 f5 16. exf5 gxf5 17. Rf3 Nc5 18. Rh3 h6 19. Ng3 Kh7 20. b4 Nxb4 21.
Bd4 e5 22. fxe5 Nbd3 23. Nh5 dxe5 24. Nd5 exd4 25. Rxd3 Nxd3 26. Qxd3 Qf7 27.
Nhf4 Rde8 28. h4 Re4 29. h5 Rfe8 30. Ng6 b5 31. Ndf4 Re1+ 32. Rxe1 Rxe1+ 33.
Kf2 Re3 0-1

[Event "DVM 2008 U20"]
[Site "Arendsee"]
[Date "2008.12.27"]
[Round "1.3"]
[White "Endress, Anna"]
[Black "Häusinger, Benjamin"]
[Result "1/2-1/2"]
[WhiteElo "2044"]
[BlackElo "1976"]
[PlyCount "146"]
[EventDate "2008.??.??"]
[WhiteTeam "TSV Schott Mainz"]
[BlackTeam "Heilbronner SV"]

1. e4 c6 2. d4 d5 3. Nc3 dxe4 4. Nxe4 Bf5 5. Ng3 Bg6 6. h4 h6 7. Nf3 Nd7 8. h5
Bh7 9. Bd3 Bxd3 10. Qxd3 e6 11. Bf4 Qa5+ 12. Bd2 Qc7 13. O-O-O Ngf6 14. Ne4
Nxe4 15. Qxe4 Bd6 16. Qg4 Rg8 17. Bxh6 Nf6 18. Qh4 Nxh5 19. Qxh5 gxh6 20. g3
O-O-O 21. Qxh6 Qa5 22. Kb1 Qb6 23. c4 Qb4 24. Qc1 Qa5 25. c5 Bf8 26. Ne5 Qc7
27. Rh4 Bg7 28. Nc4 e5 29. dxe5 Bxe5 30. Re4 f6 31. f4 Qh7 32. Rde1 Bc7 33. Ka1
Rxg3 34. Re6 Qd3 35. Rxf6 Qd4 36. Nd6+ Bxd6 37. Rxd6 Rxd6 38. cxd6 Qxd6 39. Rf1
Qd5 40. f5 Rf3 41. f6 Qf5 42. Rxf3 Qxf3 43. a3 Qxf6 44. Qe3 Qf1+ 45. Ka2 Qf7+
46. Ka1 b6 47. Qh3+ Kb7 48. Kb1 a5 49. Ka1 b5 50. Kb1 b4 51. axb4 axb4 52. b3
Qd5 53. Qg3 Qd1+ 54. Kb2 Qd2+ 55. Kb1 Qd5 56. Qg7+ Kb6 57. Qg1+ Kc7 58. Qa7+
Kd6 59. Qb8+ Kc5 60. Qa7+ Kd6 61. Qb8+ Ke6 62. Qxb4 c5 63. Qb6+ Ke5 64. Qb5 Qd4
65. Kc2 Qf2+ 66. Kb1 Kd6 67. Qd3+ Kc6 68. Qc4 Qd2 69. Qe6+ Kc7 70. Qc4 Kb6 71.
Qe6+ Kc7 72. Qc4 Qf2 73. Qd5 Kb6 1/2-1/2

[Event "DVM 2008 U20"]
[Site "Arendsee"]
[Date "2008.12.27"]
[Round "1.4"]
[White "Weißbeck, Simon"]
[Black "Katte, Nicolas"]
[Result "1-0"]
[WhiteElo "1847"]
[BlackElo "1906"]
[PlyCount "113"]
[EventDate "2008.??.??"]
[WhiteTeam "Heilbronner SV"]
[BlackTeam "TSV Schott Mainz"]

1. e4 e5 2. Nf3 Nf6 3. Nxe5 d6 4. Nf3 Nxe4 5. Qe2 Qe7 6. d3 Nf6 7. Bg5 Qxe2+ 8.
Bxe2 Be7 9. Nc3 c6 10. O-O-O Be6 11. Kb1 h6 12. Bh4 Nbd7 13. Nd4 O-O-O 14. f4
Rde8 15. Bf3 Nc5 16. Rhe1 Bd7 17. Re2 Ne6 18. Nxe6 Bxe6 19. Rde1 Bd8 20. Bxf6
Bxf6 21. Bg4 Kd7 22. f5 Bd5 23. Nxd5 cxd5 24. Bf3 Rxe2 25. Rxe2 Re8 26. Rxe8
Kxe8 27. Bxd5 b6 28. c3 Be5 29. g3 g6 30. Be4 g5 31. Kc2 h5 32. d4 Bf6 33. Kd3
Bd8 34. Kc4 Kd7 35. Kd5 Bf6 36. Bf3 g4 37. Bg2 Bg5 38. Ke4 Ke7 39. h3 Bc1 40.
hxg4 hxg4 41. b3 Kf6 42. c4 Bd2 43. Kd5 Bc3 44. Be4 Be1 45. Kxd6 Bxg3+ 46. Kc6
Bf2 47. Kd5 g3 48. b4 Be1 49. a3 Ke7 50. c5 bxc5 51. bxc5 Ba5 52. Kc6 Bc3 53.
d5 Kf6 54. Kd7 Ke5 55. Bg2 Kxf5 56. c6 Ba5 57. d6 1-0

[Event "DVM 2008 U20"]
[Site "Arendsee"]
[Date "2008.12.27"]
[Round "1.5"]
[White "Welke, Vincent"]
[Black "Schwarz, Felix"]
[Result "1-0"]
[WhiteElo "1722"]
[BlackElo "1759"]
[PlyCount "65"]
[EventDate "2008.??.??"]
[WhiteTeam "TSV Schott Mainz"]
[BlackTeam "Heilbronner SV"]

1. e4 c5 2. Nf3 e6 3. d4 Nf6 4. e5 Nd5 5. c4 Nc7 6. d5 d6 7. Nc3 dxe5 8. Nxe5
Bd6 9. Nf3 O-O 10. Bd3 exd5 11. cxd5 Nd7 12. O-O Ne5 13. Nxe5 Bxe5 14. Bxh7+
Kxh7 15. Qh5+ Kg8 16. Qxe5 Re8 17. Qh5 Qd6 18. Qf3 Qg6 19. Bf4 Na6 20. d6 Nb4
21. Nb5 Bg4 22. Qg3 Nd5 23. f3 Bf5 24. Qxg6 Bxg6 25. Bg3 Bd3 26. Rfd1 c4 27. b3
a6 28. bxc4 Bxc4 29. Na3 Ne3 30. Nxc4 Nxc4 31. d7 Rf8 32. Bc7 Ne3 33. d8=Q 1-0

[Event "DVM 2008 U20"]
[Site "Arendsee"]
[Date "2008.12.27"]
[Round "1.6"]
[White "Huynh, Nhi Lang"]
[Black "Künitz, Michael"]
[Result "1-0"]
[WhiteElo "1692"]
[BlackElo "1674"]
[PlyCount "65"]
[EventDate "2008.??.??"]
[WhiteTeam "Heilbronner SV"]
[BlackTeam "TSV Schott Mainz"]

1. d4 Nf6 2. c4 d6 3. Nc3 g6 4. e4 Bg7 5. f3 O-O 6. Be3 e5 7. d5 Nh5 8. g4 Nf4
9. Nge2 Nxe2 10. Bxe2 Nd7 11. Qd2 Nf6 12. h4 h5 13. Bg5 Kh7 14. gxh5 gxh5 15.
f4 Bg4 16. Bxg4 hxg4 17. fxe5 dxe5 18. Qf2 Qd6 19. c5 Qa6 20. Rf1 Nh5 21. Qf5+
Qg6 22. Qxg4 f6 23. Rh1 Rh8 24. d6 cxd6 25. Nd5 Rae8 26. cxd6 fxg5 27. hxg5 Kg8
28. Ne7+ Rxe7 29. dxe7 Nf4 30. Rxh8+ Kxh8 31. O-O-O Kh7 32. Rh1+ Kg8 33. Qc8+
1-0

[Event "DVM 2008 U20"]
[Site "Arendsee"]
[Date "2008.12.27"]
[Round "1.2"]
[White "Heyden, Jonas"]
[Black "Frey, Alisa"]
[Result "0-1"]
[WhiteElo "2027"]
[BlackElo "2041"]
[PlyCount "45"]
[EventDate "2008.??.??"]
[WhiteTeam "Schachfreunde Brackel 1930 e.V."]
[BlackTeam "SV 1947 Walldorf"]

1. e4 c5 2. c4 Nc6 3. Ne2 e6 4. Nbc3 a6 5. d4 cxd4 6. Nxd4 Bb4 7. Be3 Nf6 8.
Bd3 Qc7 9. Nxc6 Qxc6 10. O-O Bxc3 11. bxc3 Nxe4 12. Qg4 Nf6 13. Qg3 b5 14. f3
O-O 15. Bd4 Ne8 16. c5 Bb7 17. Rae1 f6 18. Qh3 g6 19. Be3 Qc7 20. Qh6 Rf7 21.
h4 Bd5 22. Kf2 Rg7 23. g4 0-1

[Event "DVM 2008 U20"]
[Site "Arendsee"]
[Date "2008.12.27"]
[Round "1.3"]
[White "Kappe, Benedikt"]
[Black "Zemella, Christian"]
[Result "1-0"]
[WhiteElo "1985"]
[BlackElo "2016"]
[PlyCount "77"]
[EventDate "2008.??.??"]
[WhiteTeam "SV 1947 Walldorf"]
[BlackTeam "Schachfreunde Brackel 1930 e.V."]

1. e4 c5 2. c3 b6 3. d4 Bb7 4. Bd3 Nf6 5. Qe2 cxd4 6. cxd4 Nc6 7. Nf3 Nb4 8.
Nc3 Nxd3+ 9. Qxd3 e6 10. d5 Qc8 11. O-O Ba6 12. Nb5 Bxb5 13. Qxb5 Nxe4 14. dxe6
fxe6 15. Qh5+ Ke7 16. Rd1 Nf6 17. Bg5 Qe8 18. Qh4 h6 19. Ne5 hxg5 20. Qxh8 d6
21. Nc4 Kf7 22. Qh3 Qc6 23. Rac1 Rd8 24. Qg3 Qc5 25. h3 b5 26. Ne3 Qb4 27. b3
Rd7 28. Qxg5 Qa5 29. Rc2 Qb6 30. Ng4 Be7 31. Nxf6 Bxf6 32. Qh5+ g6 33. Qg4 a5
34. Re2 d5 35. h4 Rd8 36. h5 Rg8 37. -- {Zug fehlt auf dem Formular} 37... gxh5
38. Qxh5+ Ke7 39. Qxd5 1-0

[Event "DVM 2008 U20"]
[Site "Arendsee"]
[Date "2008.12.27"]
[Round "1.4"]
[White "Luft, Dennis"]
[Black "Mairon, Oliver"]
[Result "1-0"]
[WhiteElo "1984"]
[BlackElo "1719"]
[PlyCount "97"]
[EventDate "2008.??.??"]
[WhiteTeam "Schachfreunde Brackel 1930 e.V."]
[BlackTeam "SV 1947 Walldorf"]

1. e4 c5 2. Nf3 Nc6 3. d4 cxd4 4. Nxd4 g6 5. Nc3 Bg7 6. Be3 Nf6 7. Be2 O-O 8.
O-O d5 9. Nxc6 bxc6 10. Bf3 Bb7 11. Re1 Qc7 12. exd5 Rfd8 13. Bd4 cxd5 14. Qe2
Rd7 15. Nb5 Qa5 16. Bc3 Qb6 17. Bd4 Qa5 18. a4 a6 19. Nc3 Rc8 20. Red1 Qb4 21.
Ra3 Re8 22. Rb3 Qd6 23. Bxf6 Bxf6 24. Nxd5 Bxd5 25. Rxd5 Qc7 26. g3 Rxd5 27.
Bxd5 Qd7 28. Qc4 e6 29. Bf3 Rc8 30. Qe4 Qd2 31. c3 Rd8 32. Qe3 Qc2 33. Rb7 Qxa4
34. Qc5 Qc2 35. Qa3 Qd2 36. Bg2 Qd1+ 37. Bf1 Qf3 38. Qxa6 Rd1 39. Qb5 Rb1 40.
Qe8+ Kg7 41. Qxf7+ Kh6 42. Qxh7+ Kg5 43. Qh4+ Kf5 44. Rb5+ e5 45. Qc4 Kg5 46.
Rb6 e4 47. Qc5+ Kh6 48. Qf8+ Kg5 49. Rb5+ 1-0

[Event "DVM 2008 U20"]
[Site "Arendsee"]
[Date "2008.12.27"]
[Round "1.5"]
[White "Busch, Christian"]
[Black "Strathoff, Martin"]
[Result "0-1"]
[WhiteElo "1663"]
[BlackElo "1922"]
[PlyCount "76"]
[EventDate "2008.??.??"]
[WhiteTeam "SV 1947 Walldorf"]
[BlackTeam "Schachfreunde Brackel 1930 e.V."]

1. c4 e6 2. Nc3 Nf6 3. d4 d5 4. Nf3 Be7 5. Bf4 c6 6. e3 Nbd7 7. cxd5 exd5 8.
Bd3 O-O 9. O-O Re8 10. a3 Nf8 11. Qc2 Bg4 12. Ne5 Bh5 13. Bf5 Bg6 14. Nxg6 Nxg6
15. Bg3 Nh5 16. b4 Nxg3 17. hxg3 Qd6 18. Rfc1 h5 19. Qe2 h4 20. Bxg6 Qxg6 21.
gxh4 Bxh4 22. b5 Re6 23. bxc6 bxc6 24. Nd1 Qh7 25. g3 Bf6 26. Qf3 Bxd4 27. Rab1
Be5 28. Rb7 Rf6 29. Qg4 g6 30. f4 Bd6 31. Rxc6 Kg7 32. Rc8 Rxc8 33. Qxc8 Qh5
34. g4 Qh3 35. Rb2 g5 36. Rh2 Qg3+ 37. Rg2 Qe1+ 38. Kh2 Rh6# 0-1

[Event "DVM 2008 U20"]
[Site "Arendsee"]
[Date "2008.12.27"]
[Round "1.6"]
[White "Klobuschinski, Lukas"]
[Black "Brede, Fabian"]
[Result "1-0"]
[WhiteElo "1854"]
[BlackElo "1635"]
[PlyCount "65"]
[EventDate "2008.??.??"]
[WhiteTeam "Schachfreunde Brackel 1930 e.V."]
[BlackTeam "SV 1947 Walldorf"]

1. e4 c5 2. Nf3 d6 3. d4 cxd4 4. Nxd4 Nf6 5. Nc3 a6 6. Be3 e6 7. Be2 Be7 8. O-O
O-O 9. f4 Qc7 10. Bf3 Bd7 11. g4 Nc6 12. g5 Ne8 13. Qe1 f5 14. exf5 Nxd4 15.
Bxd4 Rxf5 16. Bg4 Qc4 17. Rd1 Rf8 18. Qe4 Qc8 19. Rd3 Nc7 20. Rh3 g6 21. Rff3
Bc6 22. Rxh7 Rf5 23. Rfh3 e5 24. Rh8+ Kf7 25. R3h7+ Ke6 26. Bxf5+ gxf5 27. Rh6+
Kf7 28. g6+ Kg7 29. R8h7+ Kg8 30. Rh8+ Kg7 31. Bxe5+ Bf6 32. Bxf6+ Kxf6 33.
Qd4+ 1-0

[Event "DVM 2008 U20"]
[Site "Arendsee"]
[Date "2008.12.27"]
[Round "1.1"]
[White "Strache, Michael"]
[Black "Wittenberg, Andreas"]
[Result "1-0"]
[WhiteElo "2202"]
[BlackElo "2011"]
[PlyCount "75"]
[EventDate "2008.??.??"]
[WhiteTeam "SV Sangerhausen e. V."]
[BlackTeam "Schachverein Mülheim-Nord 1931"]

1. d4 d5 2. c4 e6 3. Nf3 Nf6 4. Nc3 Be7 5. e3 Nbd7 6. g4 dxc4 7. Bxc4 a6 8. g5
Nh5 9. Rg1 b5 10. Be2 g6 11. a3 c5 12. dxc5 Nxc5 13. Nd4 Ng7 14. b4 Nb7 15. Ne4
h6 16. h4 hxg5 17. hxg5 Nd6 18. Bf3 Nxe4 19. Bxe4 Ra7 20. Bb2 Rh4 21. Qf3 Bd7
22. Rd1 Qc8 23. Nb3 Nf5 24. Be5 Qc4 25. Nd2 Qc8 26. Ke2 a5 27. Rh1 Bxg5 28. Qg2
Be7 29. Bxf5 exf5 30. Rxh4 Bxh4 31. Rh1 Qd8 32. Bd4 Ra6 33. Qh2 Bf6 34. Bc5 Re6
35. Rd1 axb4 36. Qh7 Qc7 37. axb4 Ra6 38. Qg8# 1-0

[Event "DVM 2008 U20"]
[Site "Arendsee"]
[Date "2008.12.27"]
[Round "1.2"]
[White "Bömelburg, Raphael"]
[Black "Lieder, Konrad"]
[Result "1-0"]
[WhiteElo "1910"]
[BlackElo "2192"]
[PlyCount "49"]
[EventDate "2008.??.??"]
[WhiteTeam "Schachverein Mülheim-Nord 1931"]
[BlackTeam "SV Sangerhausen e. V."]

1. e4 c6 2. d4 d5 3. Nc3 dxe4 4. Nxe4 Nf6 5. Nxf6+ exf6 6. c3 Bd6 7. Bd3 O-O 8.
Qc2 g6 9. h4 Re8+ 10. Ne2 Nd7 11. Bh6 Nf8 12. O-O-O Be6 13. Kb1 Qc7 14. c4 Rad8
15. h5 c5 16. d5 Bd7 17. Nc3 b5 18. Ne4 Be5 19. cxb5 Bf5 20. d6 Qb6 21. Bxf8
Rxf8 22. hxg6 fxg6 23. Qxc5 Bxe4 24. Qc4+ Kg7 25. Qxe4 1-0

[Event "DVM 2008 U20"]
[Site "Arendsee"]
[Date "2008.12.27"]
[Round "1.3"]
[White "Günther, Christian"]
[Black "Kelm, Marcel"]
[Result "1-0"]
[WhiteElo "2110"]
[BlackElo "1850"]
[PlyCount "53"]
[EventDate "2008.??.??"]
[WhiteTeam "SV Sangerhausen e. V."]
[BlackTeam "Schachverein Mülheim-Nord 1931"]

1. d4 Nf6 2. c4 Nc6 3. Nc3 e5 4. d5 Ne7 5. e4 Ng6 6. Be3 Bb4 7. Bd3 c6 8. f3
O-O 9. Nge2 Nh5 10. O-O d6 11. Rc1 Nhf4 12. a3 Bc5 13. Bxc5 dxc5 14. Nxf4 Nxf4
15. Ne2 Qg5 16. Nxf4 Qxf4 17. Qe2 f5 18. Rfe1 Re8 19. Rc3 Bd7 20. exf5 cxd5 21.
cxd5 Qd4+ 22. Kh1 Kh8 23. Be4 Ba4 24. Rec1 Rac8 25. b3 Bd7 26. Qc2 b6 27. Rd3
1-0

[Event "DVM 2008 U20"]
[Site "Arendsee"]
[Date "2008.12.27"]
[Round "1.4"]
[White "Richters, Marc"]
[Black "Richter, Dustin"]
[Result "1-0"]
[WhiteElo "1766"]
[BlackElo "1927"]
[PlyCount "87"]
[EventDate "2008.??.??"]
[WhiteTeam "Schachverein Mülheim-Nord 1931"]
[BlackTeam "SV Sangerhausen e. V."]

1. e4 c5 2. Nf3 d6 3. d4 cxd4 4. Nxd4 Nf6 5. Nc3 a6 6. Bg5 e6 7. Qd2 Nbd7 8.
O-O-O Qc7 9. f4 Be7 10. Be2 b5 11. Bf3 Bb7 12. Bxf6 Bxf6 13. Ncxb5 axb5 14.
Nxb5 Qb6 15. Nxd6+ Kf8 16. Nc4 Rxa2 17. Qxd7 Bxb2+ 18. Kd2 Qb4+ 19. Ke3 Qc5+
20. Kd3 Ra3+ 21. Nxa3 Ba6+ 22. c4 Qxa3+ 23. Ke2 g6 24. Kf2 Kg7 25. e5 Qc5+ 26.
Kg3 g5 27. Rhe1 Bxc4 28. Rd6 Qa5 29. Re4 gxf4+ 30. Kxf4 Bc1+ 31. Kg3 Bg5 32. h4
Bd8 33. Rxc4 Qxe5+ 34. Kh3 h5 35. Rdd4 Bf6 36. Rf4 Rd8 37. Qc7 Qa1 38. Rc1 Qb2
39. Bxh5 Rf8 40. Rg4+ Kh6 41. Qf4+ Kh7 42. Bg6+ fxg6 43. Rc7+ Bg7 44. Qxf8 1-0